Allenatori con più panchine in Serie A - Statistics

Statistiche generali
  • Questo quiz è stato fatto 428 volte
  • Il punteggio medio è 6 su 20
Statistiche sulle risposte
Squadre più allenate Allenatore # % Corretto
Milan, Juventus Carlo Ancelotti 486
81%
Milan, Roma Fabio Capello 455
71%
Juventus, Inter Giovanni Trapattoni 689
71%
Roma, Udinese Luciano Spalletti 483
62%
Ascoli, Bologna Carlo Mazzone 792
58%
Napoli, Reggina Walter Mazzarri 463
50%
Milan, Padova Nereo Rocco 787
45%
Udinese, Bologna Francesco Guidolin 555
37%
Roma, Milan Nils Liedholm 644
36%
Atalanta, Torino Emiliano Mondonico 441
28%
Inter, Roma Helenio Herrera 421
26%
Sampdoria, Lazio Sven-Goran Eriksson 439
19%
Torino, Fiorentina Luigi Radice 501
12%
Inter, Sampdoria Eugenio Bersellini 490
10%
Bologna, Napoli Bruno Pesaola 418
7%
Fiorentina, Sampdoria Fulvio Bernardini 581
7%
Milan, Bologna Giuseppe Viani 639
6%
Udinese, Milan Giuseppe Bigogno 449
3%
Fiorentina, Napoli Giuseppe Chiappella 435
3%
Fiorentina, Atalanta Luigi Ferrero 505
2%
Nessun quiz corrispondente trovato
Distribuzione punteggi
Percentuale di utenti per punteggio
Percentile per numero di risposta
I tuoi punteggi nel tempo
Non hai fatto questo quiz